The Politcs of Digtal India: (Record no. 170039)
[ view plain ]
| 000 -LEADER | |
|---|---|
| fixed length control field | 00617nam a22001817a 4500 |
| 005 - DATE AND TIME OF LATEST TRANSACTION | |
| control field | 20220323143152.0 |
| 010 ## - LCCN (DPL NO) | |
| LC control number | ENG-127053 |
| 020 ## - INTERNATIONAL STANDARD BOOK NUMBER | |
| Terms of availability | 995.00 |
| International Standard Book Number | 9780199494620 |
| 035 ## - SYSTEM CONTROL NUMBER | |
| System control number | EN-110585 |
| 037 ## - SOURCE OF ACQUISITION | |
| Source of stock number/acquisition | DBAD/PUB |
| 082 ## - DEWEY DECIMAL CLASSIFICATION NUMBER | |
| Classification number | 320.095 |
| 100 ## - MAIN ENTRY--PERSONAL NAME | |
| Personal name | Thomas, Pradip Ninan |
| 245 ## - TITLE STATEMENT | |
| Title | The Politcs of Digtal India: |
| Remainder of title | Between Local Compulsions and Transnational Pressures/ |
| Statement of responsibility, etc | Pradip Ninan Thomas |
| 260 ## - PUBLICATION, DISTRIBUTION, ETC. (IMPRINT) | |
| Place of publication, distribution, etc | New Delhi |
| Name of publisher, distributor, etc | Oxford University Press |
| Date of publication, distribution, etc | 2019 |
| 270 ## - ADDRESS | |
| Address | 22 Workspace, 2nd Floor, 1/22 Asaf Ali Road |
| City | New Delhi |
| Postal code | 110002 |
| 300 ## - PHYSICAL DESCRIPTION | |
| Extent | xi, 231p. |
| Dimensions | 22cm(hbk) |
| 942 ## - ADDED ENTRY ELEMENTS (KOHA) | |
| Source of classification or shelving scheme | Dewey Decimal Classification |
| Item type | English Books |
| Classification part | 320.095 |
| Call number suffix | THO |
| Withdrawn status | Lost status | Not for loan | Collection code | Home library | Current library | Date acquired | Source of acquisition | Cost, normal purchase price | Full call number | Barcode | Copy number | Cost, replacement price | Koha item type |
|---|---|---|---|---|---|---|---|---|---|---|---|---|---|
| Non-fiction | Central Library | Central Library | 10/12/2019 | DBAD/PUB | 995.00 | 320.095 THO | EN-110585 | 1 | 995.00 | English Books |
